Piénsalo Bien o Reflexiones sobre los Cuatro Novísimos (Record no. 19676)

MARC details
000 -LEADER
campo de control de longitud fija 00338nam a2200121Ia 4500
005 - FECHA Y HORA DE LA ÚLTIMA TRANSACCIÓN
campo de control 20251222144800.0
008 - DATOS DE LONGITUD FIJA--INFORMACIÓN GENERAL
campo de control de longitud fija 251222s9999||||xx |||||||||||||| ||spa||
082 ## - NÚMERO DE LA CLASIFICACIÓN DECIMAL DEWEY
Número de clasificación 262.5/B28
100 ## - ENTRADA PRINCIPAL--NOMBRE DE PERSONA
Nombre de persona Baudrand, P.
245 #0 - MENCIÓN DEL TÍTULO
Título Piénsalo Bien o Reflexiones sobre los Cuatro Novísimos
264 ## - PRODUCCIÓN, PUBLICACIÓN, DISTRIBUCIÓN, FABRICACIÓN Y COPYRIGHT
Nombre del de productor, editor, distribuidor, fabricante El Mensajeero del Corazón de Jesús
942 ## - ELEMENTOS DE ENTRADA SECUNDARIOS (KOHA)
Tipo de ítem Koha Libros
Holdings
Estatus retirado Estado de pérdida Estado de daño No para préstamo Biblioteca de origen Biblioteca actual Ubicación en estantería Fecha de adquisición Total de préstamos Signatura topográfica completa Código de barras Visto por última vez Precio de reemplazo Tipo de ítem Koha
        Biblioteca Central Biblioteca Central Programa 22/12/2025   262.5/B28 0032315 22/12/2025 22/12/2025 Libros